000 00565nam a2200181 i 4500
001 27249
003 ES-MaACL
005 20230906153602.0
007 t|
008 030114s1976 sp ||||1| spa d
100 1 _aAso, Makoto.
_923630
245 1 3 _aLa educación y la modernización del Japón /
_cMakoto Aso y Ikuo Amano.
260 _aMadrid :
_bEmbajada del Japón en España,
_c1976.
300 _a99 p. :
_b2 gráf., il. ;
_c22 cm.
700 1 _aAmano, Ikuo.
_921107
710 1 _aJapón.
_bEmbajada (España)
_95336
852 _aES-MaACL
_jA-6284
_bR.95276
999 _c27249
_d27249